00950nam a2200241 i 4500001001000000003000900010005001700019007000300036008004100039040003000080041000800110082002800118100005100146245011600197264005400313300005500367336002800422337003500450338003000485610006900515651005400584651007000638000030834DO-SdBNP20260205082959.0ta100203t1915 dr ac 000 0 spa d aDO-SdBNPbspacBNPHUerda aspa 4aF-RD 47bS487a 19152221 aSerra, José María,d1819-18884aut.eautor10aApuntes para la historia de los Trinitarios :bfundadores de la República Dominicana /cJosé María Serra. aSanto Domingo :bImp. J. R. vda. García,c1915. a24 páginas :bilustraciones, retratos ;c21 cm. atextobtxt2rdacontent  asin mediación bn2rdamedia  avolumen bnc2rdacarrier 24aLA TRINITARIA (SOCIEDAD POLÍTICA DE LA REPÚBLICA DOMINICANA) 0aRepública Dominicana --xHistoria --y1844-1930 4aRepública DominicanaxHistoriayOCUPACIÓN HAITIANA, 1822-1844